Publii Ovidii Nasonis opera omnia : Fastorum libri VI : cum integris Jacobi Micylli, Herculis Ciofani, Carolini Neapolis, Danielis et Nicolai Heinsiorum, et excerptis aliorum notis, quibus adiecit suas Petrus Burmannus : tom III /
Obra en cuatro volúmenes, disponible los tres primeros en el Acervo Xavier Clavigero.
I tiakina i:
| Kaituhi matua: | |
|---|---|
| Hōputu: | Pukapuka |
| Reo: | Rātini |
| Ngā marau: | |
| Ngā Tūtohu: |
Kāore He Tūtohu, Me noho koe te mea tuatahi ki te tūtohu i tēnei pūkete!
|
MARC
| LEADER | 00000nam^a2200000^a^4500 | ||
|---|---|---|---|
| 001 | 000380369 | ||
| 005 | 20250526000000.0 | ||
| 009 | 20260310120559.826 | ||
| 037 | |a Acervo Xavier Clavigero | ||
| 041 | |a LAT | ||
| 082 | |a 871. |b OVI V. 3 | ||
| 100 | |a Ovidio Nasón, Publio |e (autor) | ||
| 240 | 1 | 1 | |a [Opera omnia de Publio Ovidio Nasón] |
| 240 | 1 | 1 | |a [Fastos] |
| 240 | 1 | 1 | |a [Tristes] |
| 240 | 1 | 1 | |a [Cartas desde el Ponto] |
| 245 | 1 | 0 | |a Publii Ovidii Nasonis opera omnia : |b Fastorum libri VI : cum integris Jacobi Micylli, Herculis Ciofani, Carolini Neapolis, Danielis et Nicolai Heinsiorum, et excerptis aliorum notis, quibus adiecit suas Petrus Burmannus : tom III / |c P. Ovidio Nason. |
| 264 | |a Amsterdam, Holanda : |b Franciscum Changuion, |c 1727 | ||
| 300 | |a 900 p. ; |c 25.5 cm. | ||
| 336 | |a texto |b txt |2 rdacontenido | ||
| 337 | |a sin mediación |b n |2 rdamedio | ||
| 338 | |a volumen |b nc |2 rdasoporte | ||
| 520 | |a Obra en cuatro volúmenes, disponible los tres primeros en el Acervo Xavier Clavigero. | ||
| 545 | 0 | |a Publio Ovidio Nasón (43 a.C.-17 d.C), poeta latino nacido en Sulmona, se instruyó en retórica y leyes. Por algún tiempo desempeñó algunos cargos propios de su formación, pero al final decidió dedicarse de tiempo completo a su vocación poética. Después de gozar de buena posición y estima literaria y por razones que se desconocen con certeza, en el año 8 a.C. fue desterrado de Roma por el emperador Augusto, a un lugar llamado Tomi, hoy Constanza, donde murió; algunos de sus libros fueron quemados en público por considerarlos inmorales. Su escritura da cuenta del amor, el erotismo, la tristeza, las festividades romanas y las leyendas mitológicas. Entre sus obras se encuentran Metamorfosis, Fastos, Tristes, Amores, Arte de amar, Remedios de amor, Heroidas, y otras. | |
| 561 | |a Ex libris de Biblioteca Magnopontana San José Provincia Mexicana Septentrional S.J. | ||
| 561 | |a Ex libris de Biblioteca Colegio de San Juan, Saltillo | ||
| 649 | |a XX | ||
| 650 | |a Cartas Latinas | ||
| 650 | |a Elegías | ||
| 650 | |a Poesía Latina | ||
| 650 | |a Literatura Latina | ||
| 650 | |a Literatura Clásica | ||
| 650 | |a Calendario Romano en la Literatura | ||
| 650 | |a Fiestas en la Literatura | ||
| 740 | 0 | |a Fastorum : |b libri VI / |c P. Ovidio Nason. | |
| 740 | 0 | |a Tristium : |b libri quinque / |c P. Ovidio Nason. | |
| 740 | 0 | |a Epistolarum ex ponto : |b libri IV / |c P. Ovidio Nason. | |
| 910 | |a Fondo General | ||
| 920 | |a Impresos - Libros | ||
| 930 | |a Libros Antiguos y Raros | ||
| 940 | |a Literatura | ||
| 905 | |a 108 | ||
| 901 | |a 0500275625 |b IT2 |c LRA |u 20250526 | ||
| 902 | |a https://opac.biblio.iteso.mx/vufind/Record/000380369 | ||